La sociología en las instituciones / (Record no. 10719)
[ view plain ]
| 000 -LEADER | |
|---|---|
| fixed length control field | 00787nam a2200205#a 4500 |
| 005 - DATE AND TIME OF LATEST TRANSACTION | |
| control field | 20250221133245.0 |
| 008 - FIXED-LENGTH DATA ELEMENTS--GENERAL INFORMATION | |
| fixed length control field | 081024s1993 ag |||| ||||||spa d |
| 082 14 - DEWEY DECIMAL CLASSIFICATION NUMBER | |
| Edition number | 14 |
| Classification number | 302 |
| 245 13 - TITLE STATEMENT | |
| Title | La sociología en las instituciones / |
| Statement of responsibility, etc | compiladores Paul F. Lazarsfeld, William H. Sewell y Harold L. Wilensky |
| 260 ## - PUBLICATION, DISTRIBUTION, ETC. (IMPRINT) | |
| Place of publication, distribution, etc | Buenos Aires : |
| Name of publisher, distributor, etc | Paidós, |
| Date of publication, distribution, etc | 1967. |
| 300 ## - PHYSICAL DESCRIPTION | |
| Extent | 263 p. |
| 440 ## - SERIES STATEMENT/ADDED ENTRY--TITLE | |
| Title | Biblioteca de Psicología y Sociología Aplicadas. Serie Fundamental |
| Volume number/sequential designation | 6 |
| 9 (RLIN) | 18228 |
| 650 #0 - SUBJECT ADDED ENTRY--TOPICAL TERM | |
| Topical term or geographic name as entry element | CONDUCTA ORGANIZACIONAL |
| 9 (RLIN) | 3681 |
| 650 #0 - SUBJECT ADDED ENTRY--TOPICAL TERM | |
| Topical term or geographic name as entry element | ORGANIZACIONES |
| 9 (RLIN) | 709 |
| 700 1# - ADDED ENTRY--PERSONAL NAME | |
| 9 (RLIN) | 6300 |
| Personal name | Lazarsfeld, Paul F. |
| Relator term | comp. |
| 700 1# - ADDED ENTRY--PERSONAL NAME | |
| 9 (RLIN) | 21204 |
| Personal name | Sewell, William H. |
| Relator term | comp. |
| 700 1# - ADDED ENTRY--PERSONAL NAME | |
| 9 (RLIN) | 21205 |
| Personal name | Wilensky, Harold L. |
| Relator term | comp. |
| 942 ## - ADDED ENTRY ELEMENTS (KOHA) | |
| Source of classification or shelving scheme | Dewey Decimal Classification |
| Item type | Libro, folleto, traducción |
| 980 ## - EQUIVALENCE OR CROSS-REFERENCE-SERIES STATEMENT--PERSONAL NAME/TITLE [LOCAL, CANADA] | |
| Linkage | 19226 |
| Personal name | Palazón Marcela I. |
| Field link and sequence number | 19226 |
| Miscellaneous information | Palazón Marcela I. |
| Withdrawn status | Lost status | Source of classification or shelving scheme | Damaged status | Not for loan | Home library | Current library | Date acquired | Total Checkouts | Full call number | Barcode | Date last seen | Copy number | Price effective from | Koha item type |
|---|---|---|---|---|---|---|---|---|---|---|---|---|---|---|
| Dewey Decimal Classification | Biblioteca Central | Biblioteca Central | 21/02/2025 | 302 SOC | UNAJ25020184 | 21/02/2025 | 1 | 21/02/2025 | Libro, folleto, traducción |